Discovery in construction arbitration (Record no. 68334)
[ view plain ]
| 000 -LEADER | |
|---|---|
| fixed length control field | 01718cam a2200265 4500 |
| 001 - CONTROL NUMBER | |
| control field | ABS64523 |
| 008 - FIXED-LENGTH DATA ELEMENTS--GENERAL INFORMATION | |
| fixed length control field | 010921n2001 000 0 eng u |
| 035 ## - SYSTEM CONTROL NUMBER | |
| System control number | (Sirsi) u114772 |
| 100 ## - MAIN ENTRY--PERSONAL NAME | |
| Personal name | Cheung, K.K. |
| 245 ## - TITLE STATEMENT | |
| Title | Discovery in construction arbitration |
| 260 ## - PUBLICATION, DISTRIBUTION, ETC. | |
| Date of publication, distribution, etc. | 2001 |
| 490 ## - SERIES STATEMENT | |
| Series statement | Asian Dispute Resolution |
| Volume/sequential designation | September 2001, 48-50(3) |
| 520 ## - SUMMARY, ETC. | |
| Summary, etc. | The strict observation of discovery in litigation, as required by the Rules of the High Court, may not be followed in arbitration. However, the arbitrator is empowered by Arbitration Ordinance 2GB(1)(c) to direct discovery of documents. With a view to saving costs and time most arbitrators would not order "court style" discovery. Instead, limited discovery is generally practiced with arbitrators ordering the parties to only disclose documents on which they propose to rely. Discusses the problems associated with limited discovery. Concludes that "court style" discovery is not necessarily more expensive or time consuming than limited discovery, as considerable time can be spent arguing over which category of documents should be disclosed. Stresses the importance of parties appreciating the duty of discovery, and not withholding documents that are relevant to the issues in an arbitration. Discussion relates to the UK and Hong Kong. |
| 590 ## - LOCAL NOTE (RLIN) | |
| Local note | ABS |
| 650 ## - SUBJECT ADDED ENTRY--TOPICAL TERM | |
| Topical term or geographic name entry element | UNITED KINGDOM |
| 650 ## - SUBJECT ADDED ENTRY--TOPICAL TERM | |
| Topical term or geographic name entry element | HONG KONG |
| 650 ## - SUBJECT ADDED ENTRY--TOPICAL TERM | |
| Topical term or geographic name entry element | MANAGEMENT-DISPUTE AVOIDANCE, MANAGEMENT AND RESOLUTION-DISPUTE MANAGEMENT AND RESOLUTION-ARBITRATION |
| 650 ## - SUBJECT ADDED ENTRY--TOPICAL TERM | |
| Topical term or geographic name entry element | DISCOVERY |
| 650 ## - SUBJECT ADDED ENTRY--TOPICAL TERM | |
| Topical term or geographic name entry element | DISCLOSURE OF DOCUMENTS |
| 650 ## - SUBJECT ADDED ENTRY--TOPICAL TERM | |
| Topical term or geographic name entry element | ARBITRATION ORDINANCE |
| 650 ## - SUBJECT ADDED ENTRY--TOPICAL TERM | |
| Topical term or geographic name entry element | CONTRACTORS |
| 650 ## - SUBJECT ADDED ENTRY--TOPICAL TERM | |
| Topical term or geographic name entry element | BUILT ENVIRONMENT |
| 690 ## - LOCAL SUBJECT ADDED ENTRY--TOPICAL TERM (OCLC, RLIN) | |
| Topical term or geographic name as entry element | Dispute resolution |
| 9 (RLIN) | 6236 |
| 942 ## - ADDED ENTRY ELEMENTS (KOHA) | |
| Suppress in OPAC | 0 |
| Withdrawn status | Lost status | Source of classification or shelving scheme | Damaged status | Not for loan | Home library | Current library | Shelving location | Date acquired | Total Checkouts | Full call number | Barcode | Date last seen | Copy number | Price effective from | Koha item type |
|---|---|---|---|---|---|---|---|---|---|---|---|---|---|---|---|
| Dewey Decimal Classification | London | London | Journal article | 21/09/2001 | ABS64523 | 114772-1001 | 06/08/2019 | 1 | 06/08/2019 | Journal article |